The Copperbelt University : annual report for the year 2009 (Record no. 83536)

MARC details
000 -LEADER
fixed length control field 00791nam a22002177a 4500
003 - CONTROL NUMBER IDENTIFIER
control field CBULib
005 - DATE AND TIME OF LATEST TRANSACTION
control field 20250722093859.0
008 - FIXED-LENGTH DATA ELEMENTS--GENERAL INFORMATION
fixed length control field 231109b |||||||| |||| 00| 0 eng d
040 ## - CATALOGING SOURCE
Original cataloging agency CBULib
Language of cataloging English
Transcribing agency CBULib
Modifying agency CBULib
Description conventions rda
050 ## - LIBRARY OF CONGRESS CALL NUMBER
Classification number CBU(058)AR/2009
110 ## - MAIN ENTRY--CORPORATE NAME
9 (RLIN) 1351
Corporate name or jurisdiction name as entry element The Copperbelt University(CBU)
245 ## - TITLE STATEMENT
Title The Copperbelt University : annual report for the year 2009
Remainder of title / by The Copperbelt University(CBU)
260 ## - PUBLICATION, DISTRIBUTION, ETC. (IMPRINT)
Place of publication, distribution, etc Kitwe :
Name of publisher, distributor, etc Copperbelt University,
Date of publication, distribution, etc 2009.
300 ## - PHYSICAL DESCRIPTION
Extent 48 pages.:illustrations
336 ## - CONTENT TYPE
Source rdacontent
Content type term Text |
Content type code txt
337 ## - MEDIA TYPE
Source rdamedia
Media type term Unmediated |
Media type code c
338 ## - CARRIER TYPE
Source rdacarrier
Carrier type term Volume
Carrier type code nc
650 #0 - SUBJECT ADDED ENTRY--TOPICAL TERM
9 (RLIN) 4466
Topical term or geographic name as entry element ANNUAL REPORTS (COPPERBELT UNIVERSITY)--ZAMBIA
650 #0 - SUBJECT ADDED ENTRY--TOPICAL TERM
9 (RLIN) 4589
Topical term or geographic name as entry element UNIVERSITIES AND COLLEGES--ZAMBIA--ANNUAL REPORTS
942 ## - ADDED ENTRY ELEMENTS (KOHA)
Source of classification or shelving scheme
Koha item type UNIVERSITY COLLECTION
Holdings
Withdrawn status Lost status Source of classification or shelving scheme Damaged status Not for loan Collection code Permanent Location Current Location Shelving location Date acquired Source of acquisition Full call number Barcode Date last seen Copy number Price effective from Koha item type Total Checkouts
          Special Collections CBU-MAIN LIBRARY, KITWE. CBU-MAIN LIBRARY, KITWE. Special Collections 11/09/2023 DEP-UNI CBU(058)AR/2009A B1013 11/09/2023 1 11/09/2023 UNIVERSITY COLLECTION  
          Special Collections CBU-MAIN LIBRARY, KITWE. CBU-MAIN LIBRARY, KITWE. Special Collections 11/09/2023 DEP-UNI CBU(058)AR/2009D B1016 07/16/2025 4 11/09/2023 UNIVERSITY COLLECTION  
          Special Collections CBU-MAIN LIBRARY, KITWE. CBU-MAIN LIBRARY, KITWE. Special Collections 11/09/2023 DEP-UNI CBU(058)AR/2009C B1015 07/16/2025 3 11/09/2023 UNIVERSITY COLLECTION  
          Special Collections CBU-MAIN LIBRARY, KITWE. CBU-MAIN LIBRARY, KITWE. Special Collections 11/09/2023 DEP-UNI CBU(058)AR/2009B B1014 07/22/2025 2 11/09/2023 UNIVERSITY COLLECTION